000
00344nam a2200145Ia 4500
008
150201s2007 xx 000 0 und d
082
_a
612.015
_b
B2007N
100
_a
NAIK,PANKAJ
245
_a
BIOCHEMISTRY
250
_a
2ND
260
_b
JAYPEE MEDICAL PUBLISHER
_a
DELHI
_c
2007
300
_a
1-628
650
_a
BIOCHEMISTRY
942
_2
ddc
_c
BK
999
_c
4385
_d
4385